سکھ -مسلم د و ستی (Record no. 149208)

MARC details
000 -LEADER
fixed length control field 00763nam a22001937a 4500
005 - DATE AND TIME OF LATEST TRANSACTION
control field 20180113155326.0
010 ## - LCCN (DPL NO)
LC control number UR-10020
020 ## - INTERNATIONAL STANDARD BOOK NUMBER
Terms of availability 200.00
International Standard Book Number 9788192075396
035 ## - SYSTEM CONTROL NUMBER
System control number U-8575
037 ## - SOURCE OF ACQUISITION
Source of stock number/acquisition DBAD/PUB
100 ## - MAIN ENTRY--PERSONAL NAME
Personal name نا نک سنگھ نشتر
245 ## - TITLE STATEMENT
Title سکھ -مسلم د و ستی
Statement of responsibility, etc نا نک سنگھ نشتر
246 ## - VARYING FORM OF TITLE
Remainder of title Sikh Muslim Dosti
Title proper/short title by Nanak Singh Nushtar
260 ## - PUBLICATION, DISTRIBUTION, ETC. (IMPRINT)
Place of publication, distribution, etc Haiderabad
Name of publisher, distributor, etc Bein Ul Aqwami Sikh Center Barai Bean Mazhabi Talluqaat
Date of publication, distribution, etc 2016
270 ## - ADDRESS
Address 15-3-137,Sant Bhawan,Qila Golecunda
City Hyderabad
Postal code 500012
Telephone number 9848353105
Fax number -
300 ## - PHYSICAL DESCRIPTION
Extent 208 ص
Dimensions 22 Cm.(B.b)
500 ## - GENERAL NOTE
General note دو حصہ
942 ## - ADDED ENTRY ELEMENTS (KOHA)
Source of classification or shelving scheme Dewey Decimal Classification
Item type Urdu Bks
Classification part 270
Call number suffix ن ش ت
Holdings
Withdrawn status Lost status Not for loan Collection code Home library Current library Date acquired Source of acquisition Cost, normal purchase price Full call number Barcode Copy number Cost, replacement price Koha item type
    Not For Loan Non-fiction D.B.Act.Division D.B.Act.Division 15/01/2018 DBAD/PUB. 200.00 270 ن ش ت U-8575 1 200.00 Urdu Bks

© Delhi Public Library
Hit Counter
free hit counter